Competence is the key (Record no. 78336)

MARC details
000 -LEADER
fixed length control field 01013cab a2200205 4500
001 - CONTROL NUMBER
control field ##L136534
008 - FIXED-LENGTH DATA ELEMENTS--GENERAL INFORMATION
fixed length control field 070206n2007 000 0 eng u
035 ## - SYSTEM CONTROL NUMBER
System control number (Sirsi) u136534
041 0# - LANGUAGE CODE
Language code of text/sound track or separate title eng
100 1# - MAIN ENTRY--PERSONAL NAME
Personal name Klein, Rudi
245 00 - TITLE STATEMENT
Title Competence is the key
260 ## - PUBLICATION, DISTRIBUTION, ETC.
Date of publication, distribution, etc. 2007
490 #0 - SERIES STATEMENT
Series statement Building
Volume/sequential designation 272(8463) 19 January 2007, 65(1)
520 ## - SUMMARY, ETC.
Summary, etc. Discusses the need to reform the Building Regulations and related rules (the CDM Regulations and those covering fire, water, gas etc), to rid the system of inconsistencies and duplication. Highlights that requirements relating to competence are inconsistent when different parts of the Building Regulations are compared and under the various regimes (ie for plumbers). Suggests that competent persons schemes should be developed to embrace all the different requirements, which should improve enforcement.
590 ## - LOCAL NOTE (RLIN)
Local note KA
650 24 - SUBJECT ADDED ENTRY--TOPICAL TERM
Topical term or geographic name entry element BUILDING REGULATIONS 2000
651 #4 - SUBJECT ADDED ENTRY--GEOGRAPHIC NAME
Geographic name England and Wales
Chronological subdivision 1543-
690 ## - LOCAL SUBJECT ADDED ENTRY--TOPICAL TERM (OCLC, RLIN)
Topical term or geographic name as entry element Building regulations
9 (RLIN) 6224
942 ## - ADDED ENTRY ELEMENTS (KOHA)
Suppress in OPAC 0
Holdings
Withdrawn status Lost status Source of classification or shelving scheme Damaged status Not for loan Home library Current library Shelving location Date acquired Total Checkouts Full call number Barcode Date last seen Copy number Price effective from Koha item type
    Dewey Decimal Classification     London London Journal article 06/02/2007   L136534 136534-1001 06/08/2019 1 06/08/2019 Journal article